000 00291nam a22001217a 4500
008 160507b xxu||||| |||| 00| 0 eng d
020 _a9780534386665
020 _a0534386660
041 _aeng
080 _a573
245 _aMicrobiology an introduction:
_cBarry L.Batzing;
942 _2udc
_cBK
999 _c1899
_d1899